00661nam a2200193Ia 4500008004100000020001500041082001500056100002300071245007000094250000800164260003900172300002700211500001900238600002100257650005000278942000700328952011700335999001500452240925s9999 xx 000 0 und d a8177589938 a004.22 STA aStallings, William 0aComputer Organization and Architecture: designing for performance a7th aIndia:bDorling Kindersleyc,2006. axix,582p.bNAfPirated aIncludes Index aComputer Science aComputer science, information & general works cBK 001040708CSaUITUbUITUd2007-01-23eF.B.Cg490.00l0o004.22 STApQ6876r2024-09-25 07:14:24w2024-09-25yBK c9375d9375